| 000 | 00000nam##2200000za#4500 |
| 001 | 9.697771 |
| 003 | CaOODSP |
| 005 | 20210624235629 |
| 007 | cr ||||||||||| |
| 008 | 150407|2000||||xxc|||||o f|0| 0 eng|d |
| 040 | |aCaOODSP|beng |
| 043 | |an-cn--- |
| 086 | 1 |aRH64-30/2000E-PDF |
| 110 | 1 |aCanada.|bHuman Resources Development Canada. |bStrategic Policy. |
| 245 | 13|aAn assessment of various components of Bill C-12 on the duration of unemployment spells : |h[electronic resource]|bfinal report / |c[by] Guy Lacroix and Marc Van Audenrode. |
| 260 | |aOttawa - Ontario : |bHuman Resources Development Canada. |cOctober 2000. |
| 300 | |a135p.|bfigs., tables |
| 590 | |a13-12-Supp|b2013-05-10 |
| 690 | 07|aEmployment insurance|2gcpds |
| 775 | 08|tÉvaluation de l'incidence de diverses composantes du projet de loi C-12 sur la durée des périodes de chômage : |w(CaOODSP)9.641817 |
| 856 | 40|ahttp://publications.gc.ca|qPDF|s532 KB|uhttps://publications.gc.ca/collections/collection_2013/rhdcc-hrsdc/RH64-30-2000-eng.pdf |
| 986 | |aSP-AH130-10-00E |